| 000 | 00565cam a22001694a 4500 | ||
|---|---|---|---|
| 020 | _a0801870585 (hardcover : alk. paper) | ||
| 040 | _cDLC | ||
| 082 | 0 | 0 | _a616 INT 2005 C153 Or. |
| 100 | 1 | _aMondimore, Francis Mark, | |
| 245 | 1 | 0 |
_aAdolescent depression : _ba guide for parents / |
| 260 |
_aBaltimore : _bJohns Hopkins University Press, _cc2002 |
||
| 300 |
_axiii, 287 p. : _bill. ; _c24 cm |
||
| 490 | 1 | _aA Johns Hopkins Press health book | |
| 650 | 0 | _aDepression in adolescence | |
| 856 | 4 | 1 | _uhttp://www.loc.gov/catdir/toc/fy034/2001007992.html |
| 942 | _cAEDBB | ||
| 999 |
_c18861 _d18861 |
||